Shinkansen Lines of Japan - Statistics

General Stats
  • This quiz has been taken 73 times
  • The average score is 8 of 10
Answer Stats
Type Answer % Correct
Shinkansen Tōkaidō
97%
Shinkansen Tōhoku
92%
Shinkansen Kyushu
89%
Shinkansen Hokkaido
86%
Mini-Shinkansen Akita
84%
Shinkansen Hokuriku
83%
Shinkansen San'yō
83%
Shinkansen Jōetsu
78%
Mini-Shinkansen Yamagata
73%
Shinkansen Nishi Kyushu
63%
No matching quizzes found
Score Distribution
Percent of People with Each Score
Percentile by Number Answered
Your Score History
You have not taken this quiz